LIBRARY & INFORMATION CENTRE, KCAET, TAVANUR

ONLINE PUBLIC ACCESS CATALOGUE (OPAC)

Development of a semi-autonomous robotic platform for intercultural operations in row crops (Record no. 17304)

MARC details
000 -LEADER
fixed length control field 00393nam a22001337a 4500
003 - CONTROL NUMBER IDENTIFIER
control field OSt
082 ## - DEWEY DECIMAL CLASSIFICATION NUMBER
Classification number 631.3
Item number ATH/D
088 ## - REPORT NUMBER
Report number T 495
100 ## - MAIN ENTRY--AUTHOR NAME
Personal name Athira P
245 ## - TITLE STATEMENT
Title Development of a semi-autonomous robotic platform for intercultural operations in row crops
260 ## - PUBLICATION, DISTRIBUTION, ETC. (IMPRINT)
Place of publication Tavanur
Name of publisher Dept of Farm machinery and power engineering, KCAET
Year of publication 2020
700 ## - ADDED ENTRY--PERSONAL NAME
Personal name Shaji James P
942 ## - ADDED ENTRY ELEMENTS (KOHA)
Koha item type Theses
Holdings
Home library Current library Full call number Accession Number Koha item type Public note
KAUAET KAUAET 631.3 ATH/D T 495 Theses M.Tech Thesis
free website counter